Историческая эпопея и фольклорная традиция в Китае: устные и книжные версии "Троецарствия"

Бібліографічні деталі
Автор: Рифтин Б. Л. Борис Львович
Співавтор: Академия наук СССР Институт мировой литературы им. А. М. Горького (ИМЛИ)
Мова:Російська
Опубліковано: Москва, Наука, 1970
Серія:Исследования по фольклору и мифологии Востока
Предмети:
Формат: MixedMaterials Книга
KOHA link:https://koha.lib.tpu.ru/cgi-bin/koha/opac-detail.pl?biblionumber=94806

MARC

LEADER 00000nam0a2200000 4500
001 94806
005 20231031105809.0
035 |a (RuTPU)RU\TPU\book\101555 
090 |a 94806 
100 |a 20060415d1970 m y0rusy50 ca 
101 0 |a rus 
102 |a RU 
105 |a y z 001zy 
200 1 |a Историческая эпопея и фольклорная традиция в Китае  |e устные и книжные версии "Троецарствия"  |f Б. Л. Рифтин 
210 |a Москва  |c Наука  |d 1970 
215 |a 483 с. 
225 1 |a Исследования по фольклору и мифологии Востока 
320 |a Библиогр.: с. 442-472 
610 1 |a китайский эпос 
610 1 |a история 
610 1 |a историческая проза 
610 1 |a 14 век 
610 1 |a Китай 
610 1 |a фольклор 
686 |a Т3(5Кит)  |2 rubbk 
700 1 |a Рифтин  |b Б. Л.  |g Борис Львович 
712 0 2 |a Академия наук СССР  |b Институт мировой литературы им. А. М. Горького (ИМЛИ)  |2 stltpush  |3 (RuTPU)RU\TPU\col\11262 
801 1 |a RU  |b 63413507  |c 20060415  |g PSBO 
801 2 |a RU  |b 63413507  |c 20221111  |g PSBO 
942 |c BK